000 00618nam a2200205 a 4500
005 20140310183244.0
008 040819s19uu xx 00 eng d
020 _a0415303478
050 _aLC 4019.3
_b.W55 2003
100 _aWilson, Ruth A.
245 _aSpecial educational needs in the early years/.
250 _a2nd ed.
260 _aLondon :
_bRoutledge Palmer,
_c2003.
300 _a268 p. :
_bill. ;
_c25 cm.
500 _aIncludes references and index.
521 _aEDU
650 _aChildren with disabilities
_xEducation (Early Childhood)
_xCase Studies.
942 _cBK
_2lcc
_kFOR
999 _c20658
_d20658